Evaluación de riesgos laborales por puestos de trabajo en los edificios 9, 10, 12, 18, 19 y 30 del Recinto Universitario Pedro Aráuz Palacios
Presenta una evaluación sobre los riesgos que presentan los trabajadores de los edificios 9, 10, 12, 18, 19 y 30 del Recinto Universitario Pedro Arauz Palacios. En lo que se refiere a higiene y seguridad laboral, enfocándose en los principales riesgos, se realizaron mediciones de iluminación, ru...
| Main Authors: | , , |
|---|---|
| Other Authors: | |
| Format: | Tesis Section = Libro |
| Language: | Undetermined Spanish |
| Published: |
Managua
UNI
2016
|
| Subjects: |
| LEADER | 01473nam a2200277Ia 4500 | ||
|---|---|---|---|
| 008 | 240830s9999 xx 000 0 und d | ||
| 040 | |a BIBLIOTECA-RUPAP Mon 658.38 A694 | ||
| 041 | |a spa | ||
| 082 | |a Mon 658.38 A694 | ||
| 100 | 1 | |a Argüello Castillo, Brian Manuel | |
| 100 | 1 | |b Ojeda Palacios, Héctor Manuel | |
| 100 | 1 | |c Narváez López, Stuardo Ramón | |
| 245 | 1 | 0 | |a Evaluación de riesgos laborales por puestos de trabajo en los edificios 9, 10, 12, 18, 19 y 30 del Recinto Universitario Pedro Aráuz Palacios |
| 260 | |a Managua |b UNI |c 2016 | ||
| 300 | |a 421 p. :il. | ||
| 500 | |a Contiene: anexos y CD. | ||
| 502 | |a Tesis (Ingeniero Industrial)- UNI, 2016. | ||
| 520 | 3 | |a Presenta una evaluación sobre los riesgos que presentan los trabajadores de los edificios 9, 10, 12, 18, 19 y 30 del Recinto Universitario Pedro Arauz Palacios. En lo que se refiere a higiene y seguridad laboral, enfocándose en los principales riesgos, se realizaron mediciones de iluminación, ruido y temperatura, para determinar las condiciones ambientales en los cuales los trabajadores laboran y tomando en cuenta los resultados, presenta una propuesta de mejora, la cual está en el plan de acción elaborado. | |
| 650 | 7 | |a RIESGOS LABORALES | |
| 650 | 7 | |b EVALUACION DE RIESGOS LABORALES | |
| 650 | 7 | |c HIGIENE OCUPACIONAL | |
| 650 | 7 | |d ACCIDENTES DE TRABAJO | |
| 700 | 1 | |a Tutor: |b Velásquez Vargas, Glenda Marcia | |
| 942 | |c BK |2 ddc | ||
| 991 | |a TESIS | ||
| 999 | |c 17081 | ||